Environmental isotopes in hydrogeology / (Registro nro. 53519)

Detalles MARC
000 -LEADER
fixed length control field 00666cam a2200229 4500
008 - FIXED-LENGTH DATA ELEMENTS--GENERAL INFORMATION
fixed length control field 050921t19971997flua 000 0 eng u
020 ## - INTERNATIONAL STANDARD BOOK NUMBER
International Standard Book Number 1566702496
100 1# - MAIN ENTRY--PERSONAL NAME
Personal name Clark, Ian D.
245 10 - TITLE STATEMENT
Title Environmental isotopes in hydrogeology /
Statement of responsibility, etc Ian D. Clark and Peter Fritz.
250 ## - EDITION STATEMENT
Edition statement 1a.ed.
260 ## - PUBLICATION, DISTRIBUTION, ETC. (IMPRINT)
Place of publication, distribution, etc Boca Raton, Florida :
Name of publisher, distributor, etc Lewis Publishers,
Date of publication, distribution, etc 1997
300 ## - PHYSICAL DESCRIPTION
Extent 328 p. :
Other physical details il. ;
Dimensions 26 cm.
504 ## - BIBLIOGRAPHY, ETC. NOTE
Bibliography, etc Incluye índice
504 ## - BIBLIOGRAPHY, ETC. NOTE
Bibliography, etc Bibliografía : p. 291-311
506 ## - RESTRICTIONS ON ACCESS NOTE
Terms governing access PIFI 3.1
650 #4 - SUBJECT ADDED ENTRY--TOPICAL TERM
Topical term or geographic name as entry element Hidrogeología
650 #4 - SUBJECT ADDED ENTRY--TOPICAL TERM
Topical term or geographic name as entry element Geoquímica
700 1# - ADDED ENTRY--PERSONAL NAME
Personal name Fritz, Peter, coaut.
942 ## - ADDED ENTRY ELEMENTS (KOHA)
Source of classification or shelving scheme Biblioteca del Cogreso de los Estados Unidos
Koha item type Libro
Existencias
Estado de pérdida Fuente de clasificación Estado del daño No para préstamo Ubicación permanente Ubicación actual Apartado o colección Fecha de adquisición Edición Dependencia de educación superior (DES) Área del conocimiento Clasificación Código de Barras Date last seen Número de copia Tipo de recurso
  Biblioteca del Cogreso de los Estados Unidos   Ejemplar único Biblioteca de la Facultad de Biología Biblioteca de la Facultad de Biología General 17/04/2015 1a. ed. Ciencias Biológicas y Agropecuarias Ciencias Agropecuarias GB1001.72.R34 C57 1997 BFB000001875 17/04/2015 C:1 Libro